000 00588nam a2200205 i 4500
001 105804
003 ES-MaACL
005 20250911063544.0
007 t|
008 060829s1962 sp ||||1| spa d
080 _a821.134.2-31"19"
100 1 _aSoler, Bartolomé,
_d1894-1975
_9107138
245 1 4 _aLos muertos no se cuentan
_b: novela /
_cBartolomé Soler.
250 _a5ª ed.
260 _aBarcelona :
_bJuventud,
_c1962.
300 _a509 p. ;
_c20 cm.
500 _aBiblioteca Juan Andrade.
852 _aES-MaACL
_jAND-632
_bR.109930
999 _c105804
_d105804